000 00292nam a2200109Ia 4500
008 220204s9999 xx 000 0 und d
082 _aNR:04
_bIRS
245 0 _aEffects of currency movements on natural rubber prices
260 _aLondon
_bIRSG
650 _aNatural rubber prices
942 _cBK
999 _c39862
_d39862